| 000 | 00505nam a2200181Ia 4500 | ||
|---|---|---|---|
| 003 | GCL | ||
| 008 | 140319s9999 xx 000 0 eng d | ||
| 020 | _a1857431863 | ||
| 040 |
_aGCL / _cGCL |
||
| 082 | 0 | 4 |
_aREF _b943 _bE C |
| 245 | 1 | 0 | _aCENTRAL AND SOUTH - EASTERN EUROPE 2004 |
| 250 | _a4 | ||
| 260 |
_aانجلترا : _bEUROPA PUBLICATIONS LIMITED ، _c2003 |
||
| 300 |
_a809 P ؛ _c28 CN |
||
| 490 |
_aREGIONAL SUVEYS OF WORLD _v0 |
||
| 650 | 0 | 4 | _aSOUTH - EASTERN EUROPE - HISTORY |
| 942 |
_2ddc _cREF |
||
| 999 |
_c5887 _d5887 |
||